Air Force Roundels - Americas - Statistics

General Stats
  • This quiz has been taken 275 times
  • The average score is 16 of 25
Answer Stats
Picture Answer % Correct
United States
97%
Canada
96%
Panama
89%
Brazil
87%
Colombia
83%
Argentina
82%
Mexico
82%
Venezuela
75%
Dominican Republic
71%
Peru
70%
Bahamas
66%
Chile
66%
Cuba
66%
Ecuador
66%
Honduras
64%
Suriname
63%
Jamaica
62%
Bolivia
60%
El Salvador
54%
Haiti
53%
Guatemala
51%
Paraguay
45%
Uruguay
38%
Trinidad and Tobago
32%
Nicaragua
28%
No matching quizzes found
Score Distribution
Percent of People with Each Score
Percentile by Number Answered
Your Score History
You have not taken this quiz